| LEADER | 01798nam a2200265 4500 | ||
|---|---|---|---|
| 082 | |a 570.76 |b NG527V | ||
| 100 | |a Nguyễn Văn Sang | ||
| 245 | |a Để học tốt sinh học THCS 9 |c Nguyễn Văn Sang, Nguyễn Thị Vân | ||
| 260 | |a Tp HCM |b Đại học Quốc gia |c 2005 | ||
| 300 | |a 108 tr. |c 24 cm | ||
| 520 | |a Đề cập đến di truyền và biến dị, sinh thái học | ||
| 653 | |a Sinh học | ||
| 653 | |a Lớp 9 | ||
| 653 | |a Câu hỏi | ||
| 653 | |a Lời giải | ||
| 942 | |2 ddc |c STK0 | ||
| 999 | |c 6900 |d 6900 | ||
| 952 | |0 0 |1 0 |2 ddc |4 0 |6 570_760000000000000_NG527V |7 0 |8 500 |9 64460 |a qbu |b qbu |c D3 |d 2015-01-26 |g 12000 |o 570.76 NG527V |p 6708.c1 |r 0000-00-00 |w 2015-01-26 |y STK0 | ||
| 952 | |0 0 |1 0 |2 ddc |4 0 |6 570_760000000000000_NG527V |7 0 |8 500 |9 64461 |a qbu |b qbu |c D3 |d 2015-01-26 |g 12000 |o 570.76 NG527V |p 6708.c2 |r 0000-00-00 |w 2015-01-26 |y STK0 | ||
| 952 | |0 0 |1 0 |2 ddc |4 0 |6 570_760000000000000_NG527V |7 0 |8 500 |9 64462 |a qbu |b qbu |c D3 |d 2015-01-26 |g 12000 |o 570.76 NG527V |p 6708.c3 |r 0000-00-00 |w 2015-01-26 |y STK0 | ||
| 952 | |0 0 |1 0 |2 ddc |4 0 |6 570_760000000000000_NG527V |7 0 |8 500 |9 64463 |a qbu |b qbu |c D3 |d 2015-01-26 |g 12000 |o 570.76 NG527V |p 6708.c4 |r 0000-00-00 |w 2015-01-26 |y STK0 | ||
| 952 | |0 0 |1 0 |2 ddc |4 0 |6 570_760000000000000_NG527V |7 0 |8 500 |9 64464 |a qbu |b qbu |c D3 |d 2015-01-26 |g 12000 |o 570.76 NG527V |p 6708.c5 |r 0000-00-00 |w 2015-01-26 |y STK0 | ||
| 952 | |0 0 |1 0 |2 ddc |4 0 |6 570_760000000000000_NG527V |7 0 |8 500 |9 64465 |a qbu |b qbu |c D3 |d 2015-01-26 |g 12000 |o 570.76 NG527V |p 6708.c6 |r 0000-00-00 |w 2015-01-26 |y STK0 | ||
| 952 | |0 0 |1 0 |2 ddc |4 0 |6 570_760000000000000_NG527V |7 0 |8 500 |9 64466 |a qbu |b qbu |c D3 |d 2015-01-26 |g 12000 |l 1 |o 570.76 NG527V |p 6708.c7 |r 2016-03-16 |s 2016-02-26 |w 2015-01-26 |y STK0 | ||
| 952 | |0 0 |1 0 |2 ddc |4 0 |6 570_760000000000000_NG527V |7 0 |8 500 |9 64467 |a qbu |b qbu |c D3 |d 2015-01-26 |g 12000 |o 570.76 NG527V |p 6708.c8 |r 0000-00-00 |w 2015-01-26 |y STK0 | ||